000 00827nam a22002297a 4500
001 2468
005 20231211110742.0
020 _a9780545390224
040 _aFISKH
_beng
_cFISKH
_dFISKH
050 _aPZ7.G9846
082 _a813.6
100 _aGutman, Dan
245 _aThe genius files:
_bMission unstoppable /
_cDan Gutman
250 _aFirst Scholastic printing, September 2011
260 _aNew York :
_bScholastic,
_c2011
300 _a285 pages :
_billustrations ;
_c19 cm
505 _aP
520 _aOn a cross-country vacation with their parents, twins Coke and Pepsi, soon to be thirteen, fend off strange assassins as they try to come to terms with their being part of a top-secret government organization known as The Genius Files.
521 _a730
_bLexile
521 _aP
_bRaz-Plus
942 _2ddc
_cBK
_n0
999 _c2468
_d2468